000 00606nam a22001817a 4500
003 UA-OsUOA
001 18843
007 ta
008 20040614b un ||||| |||| 00| 0 ukr d
100 _aТубіна С.
942 _cSA
040 _aUA-OsUOA
_cUA-OsUOA
_dUA-OsUOA
245 _aУболіваючи за спектр проблем
_b[Перше пленарне засідання 14 сесії Рівнен. обл. ради]
300 _aС.1
955 _a0
773 0 _w0
_tВісті Рівненщини
_dРівне
_d2004
_g№51/2 черв./
650 7 _aКраєзнавча робота
_2UDC
999 _c305014
_d305014